000 00762nam a2200253Ia 4500
003 OSt
005 20221005051552.0
006 a|||||r|||| 00| 0
007 ta
008 221004b |||||||| |||| 00| 0 eng d
020 _a9781441172969 (pbk)
_c1755.57
024 _a14275
037 _b41573, 12/08/2014, Segment Book Distributors
_cTextual
040 _aCRL
_cCRL
_beng
041 _2eng
_aeng
082 _aR853xN37, Q3
100 _aBadiou Alain
245 0 _aLogics of worlds
_b Being and event,2
260 _aLondon
_bBloomsbury UK
_c2013
300 _axvii,617p.
_ccm.
650 _aPHILOSOPHY
942 _hR853xN37, Q3
_cTEXL
_2cc
999 _c959001
_d959001